Catálogo público

(Record no. 184612)

MARC details
000 -CABECERA
campo de control de longitud fija 00498nam a2200145Ia 4500
001 - NÚMERO DE CONTROL
campo de control IA_Canola oil - Additives 6. Emulsifiers
008 - DATOS DE LONGITUD FIJA--INFORMACIÓN GENERAL
campo de control de longitud fija 220117s xx 000 0 und d
010 ## - NÚMERO DE CONTROL DE LA BIBLIOTECA DEL CONGRESO
Número de control de LC 184612
700 ## - PUNTO DE ACCESO ADICIONAL--NOMBRE DE PERSONA
Nombre de persona Hernández Montes, Arturo, asesor
9 (RLIN) 163719
700 ## - PUNTO DE ACCESO ADICIONAL--NOMBRE DE PERSONA
Nombre de persona Lobato Calleros, Consuelo S. O., dir.
9 (RLIN) 148454
700 ## - PUNTO DE ACCESO ADICIONAL--NOMBRE DE PERSONA
Nombre de persona Villegas de Gante, Abraham, asesor
9 (RLIN) 163715
942 ## - ELEMENTOS DE PUNTO DE ACCESO ADICIONAL (KOHA)
Tipo de ítem Koha

No items available.